000 00465nam a2200181Ia 4500
003 OSt
005 20240521141345.0
008 230222s9999||||xx |||||||||||||| ||und||
020 _a9781473913585
040 _cChuka University Library
050 _aTK 7871.58
_bS275 1999
100 _aAllan Helen
_97708
245 0 _aUnderstanding Sociology in Nursing/
260 _aLos Angeles
_bSage
_c1999
300 _a183P.
650 _aNursing
_98975
942 _cBK
_2lcc
999 _c12809
_d12809